Mujer, trabajo y ciudadanía /
Wedi'i Gadw mewn:
| Prif Awdur: | |
|---|---|
| Awduron Eraill: | |
| Fformat: | Texto |
| Cyhoeddwyd: |
Buenos Aires:
CLACSO
|
| Tagiau: |
Ychwanegu Tag
Dim Tagiau, Byddwch y cyntaf i dagio'r cofnod hwn!
|
MARC
| LEADER | 00000 a a2200000 04500 | ||
|---|---|---|---|
| 001 | 38927 | ||
| 003 | |||
| 040 | |||
| 020 | |a 950-9231-39-8 | ||
| 090 | |a 10033 L796m | ||
| 100 | |a Zaida Lobato, Mirta | ||
| 245 | |a Mujer, trabajo y ciudadanía / |c Mirta Zaida Lobato | ||
| 260 | |a Buenos Aires: |b CLACSO | ||
| 300 | |a 229 p. | ||
| 700 | |a Villar Márquez, Eliana |a Córdova Cayo, Patricia |a Spione, Claudia M, |a Ulloa González, Mirtha | ||
| 999 | |c 3820 |d 3820 | ||



